[Event "GER-chT Federal Cup (Women)"]
[White "Kotyk, Valeriya"]
[Black "Ulrich, Helena Irene"]
[Site "Braunfels"]
[Round "2.4"]
[Result "1-0"]
[Date "2024.05.31"]
[WhiteElo "1874"]
[BlackElo "1819"]
[PlyCount "83"]
[EventDate "2024.05.30"]
[EventType "team-swiss"]
[EventRounds "5"]
[EventCountry "GER"]
[SourceTitle "CBM 220 Extra"]
[Source "ChessBase"]
[SourceDate "2024.07.31"]
[SourceVersion "1"]
[SourceVersionDate "2024.07.31"]
[SourceQuality "1"]
[WhiteTeam "Hamburg (W)"]
[BlackTeam "Thueringen (W)"]
[WhiteTeamCountry "GER"]
[BlackTeamCountry "GER"]

1. d4 Nf6 2. c4 g6 3. Nc3 Bg7 4. e4 d6 5. Nf3 0-0 6. Be2 e5 7. dxe5 dxe5 8. Qxd8 Rxd8 9. Bg5 Re8 10. 0-0 c6 11. Rfd1 h6 12. Be3 Nbd7 13. Ne1 Nf8 14. f3 Ne6 15. g3 Bf8 16. Nc2 a5 17. Na4 Nd7 18. a3 Ndc5 19. Nxc5 Bxc5 20. Bxc5 Nxc5 21. b4 Nd7 22. Ne3 Nf6 23. c5 Be6 24. Bc4 a4 25. Bxe6 Rxe6 26. Nc4 Re7 27. Rd3 Kg7 28. Rad1 Ree8 29. Nb6 Ra7 30. Rd8 Kf8 31. Rxe8+ Nxe8 32. Rd7 Nf6 33. Rd3 Kg7 34. Nc4 Ra8 35. Nxe5 Re8 36. Nc4 Ra8 37. Nb6 Ra7 38. Kf2 Kf8 39. h3 Kg7 40. e5 Ng8 41. Rd7 h5 42. e6 1-0

[Event "GER-chT U20 Girls"]
[White "Ulrich, Helena Irene"]
[Black "Sokyrko, Sofiia"]
[Site "Magdeburg"]
[Round "6.9"]
[Result "1-0"]
[Date "2023.12.29"]
[WhiteElo "1779"]
[BlackElo "1456"]
[PlyCount "103"]
[EventDate "2023.12.26"]
[EventType "team-swiss"]
[EventRounds "7"]
[EventCountry "GER"]
[SourceTitle "CBM 218 Extra"]
[Source "ChessBase"]
[SourceDate "2024.03.31"]
[SourceVersion "1"]
[SourceVersionDate "2024.03.31"]
[SourceQuality "1"]
[WhiteTeam "Muenster 32"]
[BlackTeam "Stuttgart Strateg"]
[WhiteTeamCountry "GER"]
[BlackTeamCountry "GER"]

1. e4 e5 2. Nf3 d5 3. exd5 e4 4. Qe2 Nf6 5. d3 Qxd5 6. Nbd2 Be7 7. dxe4 Qd8 8. Qd3 0-0 9. Qxd8 Rxd8 10. Bd3 Nc6 11. a3 Ng4 12. 0-0 Nge5 13. Nxe5 Nxe5 14. Be2 Be6 15. Nf3 Nc6 16. Be3 Bf6 17. Rab1 Nd4 18. Nxd4 Bxd4 19. Bxd4 Rxd4 20. Bf3 Rd2 21. Rbc1 c6 22. Rfd1 Rad8 23. Kf1 Bc4+ 24. Ke1 Rxd1+ 25. Rxd1 Rxd1+ 26. Kxd1 Kf8 27. Kd2 Ke7 28. Ke3 Kd6 29. Be2 Be6 30. f4 g6 31. g4 f5 32. gxf5 gxf5 33. exf5 Bxf5 34. Bd3 Ke6 35. Bxf5+ Kxf5 36. h3 h5 37. Kf3 b5 38. b4 a6 39. c3 h4 40. Ke3 Ke6 41. Ke4 Kf6 42. f5 Kf7 43. Ke5 Ke7 44. f6+ Kf7 45. Kf5 Kf8 46. Ke6 Ke8 47. f7+ Kf8 48. Kf6 a5 49. bxa5 b4 50. a6 b3 51. a7 b2 52. a8Q# 1-0

[Event "GER-chT U20 Girls"]
[White "Ulrich, Helena Irene"]
[Black "Hafermann, Lara"]
[Site "Magdeburg"]
[Round "3.5"]
[Result "1/2-1/2"]
[Date "2023.12.28"]
[WhiteElo "1779"]
[BlackElo "1575"]
[PlyCount "40"]
[EventDate "2023.12.26"]
[EventType "team-swiss"]
[EventRounds "7"]
[EventCountry "GER"]
[SourceTitle "CBM 218 Extra"]
[Source "ChessBase"]
[SourceDate "2024.03.31"]
[SourceVersion "1"]
[SourceVersionDate "2024.03.31"]
[SourceQuality "1"]
[WhiteTeam "Muenster 32"]
[BlackTeam "Lichtenberg Borussia"]
[WhiteTeamCountry "GER"]
[BlackTeamCountry "GER"]

1. e4 d5 2. exd5 Qxd5 3. Nc3 Qd6 4. d4 Nf6 5. Nf3 c6 6. g3 Bf5 7. Bg2 h6 8. 0-0 e6 9. Re1 Qc7 10. Bf4 Bd6 11. Bxd6 Qxd6 12. Ne5 Nbd7 13. Ne4 Bxe4 14. Bxe4 Nxe4 15. Rxe4 Nxe5 16. Rxe5 0-0-0 17. c3 Qxe5 18. dxe5 Rxd1+ 19. Rxd1 Rd8 20. Rxd8+ Kxd8 1/2-1/2

[Event "GER-chT U20 Girls"]
[White "Wolterink, Jule"]
[Black "Ulrich, Helena Irene"]
[Site "Magdeburg"]
[Round "4.9"]
[Result "1/2-1/2"]
[Date "2023.12.28"]
[WhiteElo "1474"]
[BlackElo "1779"]
[PlyCount "81"]
[EventDate "2023.12.26"]
[EventType "team-swiss"]
[EventRounds "7"]
[EventCountry "GER"]
[SourceTitle "CBM 218 Extra"]
[Source "ChessBase"]
[SourceDate "2024.03.31"]
[SourceVersion "1"]
[SourceVersionDate "2024.03.31"]
[SourceQuality "1"]
[WhiteTeam "Lehrte"]
[BlackTeam "Muenster 32"]
[WhiteTeamCountry "GER"]
[BlackTeamCountry "GER"]

1. d4 Nf6 2. Nf3 g6 3. Bf4 Bg7 4. e3 0-0 5. Be2 d6 6. h3 Nc6 7. 0-0 Ne4 8. c4 e5 9. Bh2 Qe7 10. dxe5 dxe5 11. Qc2 Ng5 12. Nc3 Be6 13. b3 Nb4 14. Qc1 Nxf3+ 15. Bxf3 c6 16. Rd1 Rad8 17. a3 Rxd1+ 18. Qxd1 Rd8 19. Qe2 Na6 20. e4 Qg5 21. Bg3 Nc5 22. h4 Qe7 23. Qc2 h5 24. Be2 Bf6 25. Rd1 Nd7 26. Nd5 cxd5 27. cxd5 Bg4 28. f3 Qc5+ 29. Qxc5 Nxc5 30. fxg4 Nxe4 31. Be1 hxg4 32. Bxg4 Nd6 33. a4 Bg7 34. Bf2 f5 35. Be2 Ne4 36. Be1 Bh6 37. Bc4 Be3+ 38. Kf1 Bd4 39. Bb4 Kg7 40. Be1 Nc3 41. Bxc3 1/2-1/2

[Event "GER-ch U16 Girls"]
[White "Heuberger, Sandra"]
[Black "Ulrich, Helena Irene"]
[Site "Willingen"]
[Round "4"]
[Result "0-1"]
[Date "2023.05.30"]
[WhiteElo "1196"]
[BlackElo "1609"]
[PlyCount "120"]
[EventDate "2023.05.27"]
[EventType "swiss"]
[EventRounds "9"]
[EventCountry "GER"]
[SourceTitle "CBM 214 Extra"]
[Source "ChessBase"]
[SourceDate "2023.07.31"]
[SourceVersion "1"]
[SourceVersionDate "2023.07.31"]
[SourceQuality "1"]

1. d4 Nf6 2. c4 g6 3. Nc3 Bg7 4. e4 d6 5. Nf3 0-0 6. Be2 e5 7. dxe5 dxe5 8. Qxd8 Rxd8 9. Bg5 Re8 10. 0-0-0 c6 11. Rd6 Nbd7 12. Rhd1 h6 13. Bh4 g5 14. Bg3 Bf8 15. R6d2 Nc5 16. Bd3 Bg4 17. h3 Bh5 18. Bc2 Bxf3 19. gxf3 Nh5 20. Bh2 Nf4 21. Bxf4 exf4 22. Rg1 Rad8 23. h4 Rxd2 24. Kxd2 Rd8+ 25. Ke2 Ne6 26. Ke1 Bg7 27. hxg5 Nxg5 28. Ke2 Ne6 29. Ke1 Kh8 30. Rg4 Be5 31. Bd1 Bxc3+ 32. bxc3 Rd3 33. Ke2 Rxc3 34. Bb3 Nd4+ 35. Kf1 Rxf3 36. Kg2 Kh7 37. c5 f6 38. Bg8+ Kh8 39. Bb3 Kh7 40. Bg8+ Kh8 41. Bb3 Rc3 42. Rxf4 Rxc5 43. Rxf6 Nxb3 44. axb3 Kg7 45. Rf3 Rg5+ 46. Rg3 Rxg3+ 47. Kxg3 a5 48. f4 b5 49. e5 a4 50. bxa4 bxa4 51. e6 a3 52. e7 Kf7 53. Kg4 Kxe7 54. Kh5 a2 55. Kxh6 a1Q 56. Kg5 Qf1 57. f5 Qf3 58. Kg6 Qg4+ 59. Kh6 Kf6 60. Kh7 Qg7# 0-1

[Event "GER-ch U16 Girls"]
[White "Ulrich, Helena Irene"]
[Black "Ottlik, Marie"]
[Site "Willingen"]
[Round "3"]
[Result "0-1"]
[Date "2023.05.29"]
[WhiteElo "1609"]
[BlackElo "1552"]
[PlyCount "68"]
[EventDate "2023.05.27"]
[EventType "swiss"]
[EventRounds "9"]
[EventCountry "GER"]
[SourceTitle "CBM 214 Extra"]
[Source "ChessBase"]
[SourceDate "2023.07.31"]
[SourceVersion "1"]
[SourceVersionDate "2023.07.31"]
[SourceQuality "1"]

1. e4 c5 2. Nf3 d6 3. d4 cxd4 4. Nxd4 Nf6 5. Nc3 a6 6. f3 e6 7. Be3 b5 8. Qd2 Nbd7 9. g4 Nb6 10. g5 Nfd7 11. 0-0-0 Bb7 12. Kb1 Ne5 13. Qf2 Nec4 14. Bxc4 Nxc4 15. Bc1 b4 16. Nce2 Qc7 17. h4 d5 18. exd5 Bxd5 19. Nb3 a5 20. Nf4 Bb7 21. Nd3 Rc8 22. Bf4 Bd6 23. Bxd6 Qxd6 24. Ndc5 Qc7 25. Rd7 Qe5 26. Qd4 Qxd4 27. Rxd4 Bxf3 28. Rf1 Bd5 29. Rdf4 0-0 30. Nd3 a4 31. Nbc5 Nd2+ 32. Ka1 Nxf1 33. Rxf1 Bc4 34. Kb1 Rxc5 0-1

[Event "GER-ch U16 Girls"]
[White "Reddi, Bhuvana"]
[Black "Ulrich, Helena Irene"]
[Site "Willingen"]
[Round "2"]
[Result "1/2-1/2"]
[Date "2023.05.28"]
[WhiteElo "1735"]
[BlackElo "1609"]
[PlyCount "74"]
[EventDate "2023.05.27"]
[EventType "swiss"]
[EventRounds "9"]
[EventCountry "GER"]
[SourceTitle "CBM 214 Extra"]
[Source "ChessBase"]
[SourceDate "2023.07.31"]
[SourceVersion "1"]
[SourceVersionDate "2023.07.31"]
[SourceQuality "1"]

1. e4 c5 2. Nf3 Nc6 3. d4 cxd4 4. Nxd4 Nf6 5. Nc3 e5 6. Ndb5 d6 7. Nd5 Nxd5 8. exd5 Ne7 9. c3 Nf5 10. c4 a6 11. Nc3 g6 12. Bd3 Bg7 13. 0-0 0-0 14. Kh1 Re8 15. Qa4 Bd7 16. Qb4 Qc7 17. Ne4 a5 18. Qa3 h6 19. f3 Red8 20. Bd2 b6 21. Rac1 Be8 22. Rfe1 Nd4 23. Be3 f5 24. Nc3 Qc5 25. Qxc5 bxc5 26. Bxd4 exd4 27. Ne2 Bf7 28. h3 Re8 29. g4 fxg4 30. fxg4 g5 31. Ng3 Rxe1+ 32. Rxe1 Re8 33. Rxe8+ Bxe8 34. Nf5 Bf8 35. Kg2 Bd7 36. Kf3 Bxf5 37. Bxf5 Kf7 1/2-1/2

[Event "GER-ch U16 Girls"]
[White "Ulrich, Helena Irene"]
[Black "Voigt, Anastasia"]
[Site "Willingen"]
[Round "1"]
[Result "0-1"]
[Date "2023.05.28"]
[WhiteElo "1609"]
[BlackElo "1821"]
[PlyCount "90"]
[EventDate "2023.05.27"]
[EventType "swiss"]
[EventRounds "9"]
[EventCountry "GER"]
[SourceTitle "CBM 214 Extra"]
[Source "ChessBase"]
[SourceDate "2023.07.31"]
[SourceVersion "1"]
[SourceVersionDate "2023.07.31"]
[SourceQuality "1"]

1. e4 e5 2. Nf3 Nc6 3. d4 exd4 4. Nxd4 Bc5 5. Be3 Qf6 6. c3 Nge7 7. Bc4 0-0 8. 0-0 b6 9. Na3 Bb7 10. Nac2 Ne5 11. Bd3 Qg6 12. f3 Nxd3 13. Qxd3 d5 14. Qd2 dxe4 15. f4 f5 16. Rad1 Qf7 17. a3 Bd5 18. Qf2 Bc4 19. Rfe1 a5 20. Ne2 Bxe3 21. Nxe3 Rad8 22. Nd4 c5 23. Ne2 Bb3 24. Rxd8 Rxd8 25. Nc1 Be6 26. Rd1 Qe8 27. Qe2 Rd7 28. Rd2 Qd8 29. Rxd7 Qxd7 30. Kf2 b5 31. Qd1 Qxd1 32. Nxd1 Kf7 33. Ne3 Nd5 34. Nxd5 Bxd5 35. Ke3 a4 36. Ne2 Bc4 37. Ng3 g6 38. Kd2 Ke6 39. Ke3 Kd5 40. Nh1 Bf1 41. Kf2 Bd3 42. Ke3 Kc4 43. Nf2 Kb3 44. Nxd3 exd3 45. Kxd3 c4+ 0-1

[Event "BL 2223 (Women)"]
[White "Sereda, Yaroslava"]
[Black "Ulrich, Helena Irene"]
[Site "Germany"]
[Round "11.2"]
[Result "1-0"]
[Date "2023.05.01"]
[WhiteElo "1830"]
[BlackElo "1573"]
[PlyCount "209"]
[EventDate "2022.10.15"]
[EventType "team-tourn"]
[EventRounds "11"]
[EventCountry "GER"]
[SourceTitle "EXT 2024"]
[Source "ChessBase"]
[SourceDate "2023.10.10"]
[SourceVersion "1"]
[SourceVersionDate "2023.10.10"]
[SourceQuality "1"]
[WhiteTeam "Solingen (W)"]
[BlackTeam "Erfurt Medizin (W)"]
[WhiteTeamCountry "GER"]
[BlackTeamCountry "GER"]

1. e4 c5 2. Nf3 Nc6 3. d4 cxd4 4. Nxd4 Nf6 5. Nc3 e5 6. Ndb5 d6 7. Nd5 Nxd5 8. exd5 Ne7 9. c4 Ng6 10. Qa4 Bd7 11. Qb4 Qb8 12. Be3 a6 13. Nc3 a5 14. Qb3 a4 15. Qb4 Be7 16. Be2 0-0 17. 0-0 f5 18. f3 f4 19. Bf2 Nh4 20. Bd1 Qe8 21. Ne4 Qg6 22. Bxh4 Bxh4 23. Qxd6 Qxd6 24. Nxd6 b6 25. Be2 Rfd8 26. Rac1 Be7 27. Ne4 Bf5 28. Nf2 Bc5 29. a3 Bd4 30. Ra1 Bxb2 31. Ra2 Bd4 32. Rd1 Rac8 33. g4 Bg6 34. Kg2 Kf8 35. Nh3 h6 36. Nxf4 Bf7 37. Nd3 b5 38. Nb4 bxc4 39. Nc6 Rd6 40. Nxd4 exd4 41. Rxd4 Bxd5 42. Kf2 Ke7 43. Rc2 Bf7 44. Re4+ Kd7 45. Rf4 Be6 46. Bxc4 Bxc4 47. Rfxc4 Rxc4 48. Rxc4 Ra6 49. Rb4 Ke6 50. Ke3 Ra5 51. f4 Kf6 52. Kd4 Ke6 53. Rb6+ Kf7 54. Kc4 Ra7 55. Kb5 Rd7 56. Kxa4 Rd2 57. Rb4 Rxh2 58. Kb5 Ra2 59. a4 Ke7 60. a5 Kd7 61. Kb6 Rc2 62. Rd4+ Kc8 63. Rd5 Rb2+ 64. Rb5 Ra2 65. Rc5+ Kb8 66. Rf5 Rb2+ 67. Ka6 Kc8 68. Rf8+ Kc7 69. Rf7+ Kc8 70. Rxg7 Rf2 71. Rf7 Rg2 72. Rg7 Rf2 73. f5 h5 74. gxh5 Rxf5 75. Rg8+ Kc7 76. Rh8 Rf6+ 77. Ka7 Kc6 78. h6 Kb5 79. Rb8+ Kxa5 80. h7 Rf7+ 81. Rb7 Rf8 82. Re7 Kb5 83. Kb7 Kc5 84. Kc7 Kd5 85. Kd7 Ra8 86. Rg7 Ra7+ 87. Ke8 Rxg7 88. h8Q Rg5 89. Kd7 Re5 90. Qa8+ Kd4 91. Kd6 Re3 92. Qa4+ Kd3 93. Kd5 Kd2 94. Qa2+ Kd3 95. Qc4+ Kd2 96. Kd4 Re2 97. Qc3+ Kd1 98. Qf3 Ke1 99. Qg3+ Kf1 100. Qf3+ Rf2 101. Qh1+ Ke2 102. Ke4 Kd2 103. Qb1 Ke2 104. Qc1 Rf3 105. Qc2+ 1-0

[Event "BL 2223 (Women)"]
[White "Ulrich, Helena Irene"]
[Black "Grineva, Marianna"]
[Site "Germany"]
[Round "9.1"]
[Result "0-1"]
[Date "2023.04.29"]
[WhiteElo "1573"]
[BlackElo "2020"]
[PlyCount "46"]
[EventDate "2022.10.15"]
[EventType "team-tourn"]
[EventRounds "11"]
[EventCountry "GER"]
[SourceTitle "EXT 2024"]
[Source "ChessBase"]
[SourceDate "2023.10.10"]
[SourceVersion "1"]
[SourceVersionDate "2023.10.10"]
[SourceQuality "1"]
[WhiteTeam "Erfurt Medizin (W)"]
[BlackTeam "Bad Koenigshofen (W)"]
[WhiteTeamCountry "GER"]
[BlackTeamCountry "GER"]

1. e4 d6 2. d4 Nf6 3. Nc3 g6 4. f4 Bg7 5. Nf3 c5 6. dxc5 Qa5 7. Qd3 0-0 8. Qb5 Qc7 9. cxd6 exd6 10. Bd2 Na6 11. 0-0-0 Nc5 12. e5 dxe5 13. Nxe5 a6 14. Qe2 b5 15. Be3 Re8 16. Bxc5 Qxc5 17. Qd2 Bh6 18. Nd3 Qc7 19. g3 Bf5 20. Be2 Rac8 21. Rhg1 Red8 22. a3 Bf8 23. Nb1 Ne4 0-1

[Event "BL 2223 (Women)"]
[White "Jelica, Mara"]
[Black "Ulrich, Helena Irene"]
[Site "Germany"]
[Round "3.6"]
[Result "0-1"]
[Date "2022.11.12"]
[WhiteElo "2122"]
[BlackElo "1573"]
[PlyCount "102"]
[EventDate "2022.10.15"]
[EventType "team-tourn"]
[EventRounds "11"]
[EventCountry "GER"]
[SourceTitle "EXT 2024"]
[Source "ChessBase"]
[SourceDate "2023.10.10"]
[SourceVersion "1"]
[SourceVersionDate "2023.10.10"]
[SourceQuality "1"]
[WhiteTeam "Deizisau (W)"]
[BlackTeam "Erfurt Medizin (W)"]
[WhiteTeamCountry "GER"]
[BlackTeamCountry "GER"]

1. e4 c5 2. Nf3 Nc6 3. d4 cxd4 4. Nxd4 Nf6 5. Nc3 e5 6. Ndb5 d6 7. Bg5 a6 8. Na3 b5 9. Nd5 Be7 10. Bxf6 Bxf6 11. c3 0-0 12. Nc2 Rb8 13. a4 bxa4 14. Ncb4 Nxb4 15. Nxb4 Bb7 16. Qxa4 a5 17. Nc2 Qb6 18. Rb1 Bc6 19. Qc4 Bg5 20. h4 Bh6 21. Be2 Qb7 22. Bf3 Bb5 23. Qd5 Qxd5 24. exd5 Bd3 25. Bd1 Rfc8 26. Rh3 Be4 27. g4 Bf4 28. b3 Bxd5 29. Rd3 Be4 30. Rxd6 Rxc3 31. Rb2 Kf8 32. Na3 a4 33. Nb1 Bxb1 34. Rxb1 axb3 35. Bxb3 Rcxb3 36. Rbd1 Rb1 37. Ke2 Rxd1 38. Rxd1 Rb2+ 39. Kf3 Rb3+ 40. Ke4 Ke7 41. Ra1 Rb4+ 42. Kf3 Rd4 43. Ra7+ Rd7 44. Ra6 Rd6 45. Ra8 g6 46. g5 h6 47. gxh6 Bxh6 48. Rh8 Bf4 49. h5 gxh5 50. Rxh5 Rh6 51. Rxh6 Bxh6 0-1

[Event "GER-chT Lands U20"]
[White "Dohon, Maria Johanna"]
[Black "Ulrich, Helena Irene"]
[Site "Wiesbaden"]
[Round "2.6"]
[Result "0-1"]
[Date "2022.10.01"]
[WhiteElo "1430"]
[BlackElo "1573"]
[PlyCount "90"]
[EventDate "2022.09.30"]
[EventType "team-swiss"]
[EventRounds "7"]
[EventCountry "GER"]
[SourceTitle "CBM 210 Extra"]
[Source "ChessBase"]
[SourceDate "2022.11.30"]
[SourceVersion "1"]
[SourceVersionDate "2022.11.30"]
[SourceQuality "1"]
[WhiteTeam "Wuerttemberg U20"]
[BlackTeam "Thueringen U20"]
[WhiteTeamCountry "GER"]
[BlackTeamCountry "GER"]

1. e4 c5 2. Nf3 Nc6 3. d4 cxd4 4. Nxd4 Nf6 5. Nc3 e5 6. Ndb5 d6 7. Bg5 a6 8. Na3 b5 9. Nd5 Be7 10. Bxf6 Bxf6 11. c3 Bg5 12. Nc2 0-0 13. g3 Be6 14. h4 Bh6 15. Bh3 Bxh3 16. Rxh3 Rb8 17. g4 Bf4 18. Qf3 Re8 19. g5 a5 20. Qg4 Kh8 21. a3 Qc8 22. Qxc8 Rbxc8 23. Rf3 Ne7 24. Rd1 Rc4 25. Nxf4 exf4 26. Rxd6 Rxe4+ 27. Kf1 Nf5 28. Rd7 Nxh4 29. Rh3 Ng6 30. Rxf7 R4e7 31. Rxe7 Rxe7 32. Rd3 Kg8 33. Nd4 Rd7 34. Rd2 Rd5 35. Re2 Rxg5 36. Ne6 Re5 37. Rxe5 Nxe5 38. Nxf4 Nc4 39. Nd3 Kf7 40. Ke2 Ke6 41. Kf3 Kf5 42. b4 a4 43. Ke2 Nxa3 44. Kd1 Nc4 45. Kc1 h5 0-1

[Event "Oberliga Ost-B 2122"]
[White "Haubt, Georg"]
[Black "Ulrich, Helena Irene"]
[Site "Germany"]
[Round "8.8"]
[Result "1-0"]
[Date "2022.03.05"]
[WhiteElo "2136"]
[BlackElo "1582"]
[PlyCount "53"]
[EventDate "2021.10.10"]
[EventType "team-tourn"]
[EventRounds "11"]
[EventCountry "GER"]
[SourceTitle "EXT 2023"]
[Source "ChessBase"]
[SourceDate "2022.10.05"]
[SourceVersion "1"]
[SourceVersionDate "2022.10.05"]
[SourceQuality "1"]
[WhiteTeam "Oberursel"]
[BlackTeam "Erfurt Medizin"]
[WhiteTeamCountry "GER"]
[BlackTeamCountry "GER"]

1. d4 Nf6 2. Bf4 g6 3. Nc3 Bg7 4. e4 d6 5. Qd2 0-0 6. Bh6 c5 7. d5 b6 8. h4 Na6 9. h5 Nc7 10. Be2 e6 11. hxg6 fxg6 12. g4 Qe7 13. Bxg7 Kxg7 14. g5 Nd7 15. Nh3 Bb7 16. 0-0-0 exd5 17. exd5 Ba6 18. Bxa6 Nxa6 19. Rde1 Qd8 20. Nf4 Nc7 21. Ne4 Ne5 22. Nf6 Rh8 23. Qc3 Qe7 24. Nd3 Qf7 25. Nxe5 dxe5 26. Qxe5 Kf8 27. Nd7+ 1-0

[Event "Heusenstamm Sparkassen op-B 7th"]
[White "Ulrich, Helena Irene"]
[Black "Schwenk, Stefan"]
[Site "Heusenstamm"]
[Round "4.14"]
[Result "1/2-1/2"]
[Date "2021.11.20"]
[WhiteElo "1537"]
[BlackElo "1719"]
[PlyCount "101"]
[EventDate "2021.11.18"]
[EventType "swiss"]
[EventRounds "7"]
[EventCountry "GER"]
[SourceTitle "EXT 2023"]
[Source "ChessBase"]
[SourceDate "2022.10.05"]
[SourceVersion "1"]
[SourceVersionDate "2022.10.05"]
[SourceQuality "1"]

1. e4 c5 2. Nf3 e6 3. d4 cxd4 4. Nxd4 Nc6 5. Nc3 a6 6. Be2 Nf6 7. Nxc6 bxc6 8. e5 Nd5 9. Ne4 Qc7 10. Nd6+ Bxd6 11. exd6 Qxd6 12. c4 Qb4+ 13. Bd2 Qxb2 14. cxd5 cxd5 15. Bf3 0-0 16. 0-0 a5 17. Be3 Ba6 18. Bd4 Qa3 19. Re1 f6 20. Re3 Qd6 21. Rc3 Rfc8 22. Rac1 Rxc3 23. Rxc3 Bb5 24. Bc5 Qc6 25. Bd4 Bc4 26. Qc1 Rc8 27. Be3 Qd6 28. Qd2 Qb4 29. Rc2 Rb8 30. h3 Qxd2 31. Rxd2 Rb1+ 32. Kh2 Ra1 33. Bd4 Rxa2 34. Rxa2 Bxa2 35. Bd1 Kf7 36. Bc3 e5 37. Bxa5 d4 38. Kg3 g6 39. Bc2 Bd5 40. f3 Ke6 41. Bb4 Bc4 42. Kf2 d5 43. Bd2 f5 44. Kg3 e4 45. fxe4 dxe4 46. Kf4 Bf1 47. g4 h6 48. gxf5+ gxf5 49. Bxe4 Bxh3 50. Bf3 Kf6 51. Kg3 1/2-1/2

[Event "Heusenstamm Sparkassen op-B 7th"]
[White "Ulrich, Helena Irene"]
[Black "Wartenberg, Alexander"]
[Site "Heusenstamm"]
[Round "2.10"]
[Result "0-1"]
[Date "2021.11.19"]
[WhiteElo "1537"]
[BlackElo "1405"]
[PlyCount "72"]
[EventDate "2021.11.18"]
[EventType "swiss"]
[EventRounds "7"]
[EventCountry "GER"]
[SourceTitle "EXT 2023"]
[Source "ChessBase"]
[SourceDate "2022.10.05"]
[SourceVersion "1"]
[SourceVersionDate "2022.10.05"]
[SourceQuality "1"]

1. e4 e5 2. Nf3 Nf6 3. Nxe5 d6 4. Nf3 Nxe4 5. Nc3 Nxc3 6. dxc3 Be6 7. Be3 Be7 8. Qd2 0-0 9. 0-0-0 Qe8 10. Kb1 Qa4 11. a3 d5 12. Nd4 Bd7 13. h4 Nc6 14. Nb3 Bf5 15. Bd3 Bxd3 16. Qxd3 Rad8 17. Nc5 Qg4 18. f3 Qg6 19. Qxg6 hxg6 20. Nxb7 Rb8 21. Nc5 Ne5 22. Bd4 Nc4 23. Nb3 a5 24. a4 c6 25. Ka2 Bd6 26. Rb1 Rfe8 27. Rbe1 Bg3 28. Rxe8+ Rxe8 29. Nc5 Re2 30. b3 Nb6 31. Kb2 Rxg2 32. b4 axb4 33. cxb4 Nc4+ 34. Kc1 Bf4+ 35. Kb1 Na3+ 36. Ka1 Nxc2+ 0-1

[Event "GER-ch U14 Girls"]
[White "Keymer, Cecilia"]
[Black "Ulrich, Helena Irene"]
[Site "Willingen"]
[Round "2"]
[Result "1/2-1/2"]
[Date "2021.08.23"]
[WhiteElo "1612"]
[BlackElo "1540"]
[PlyCount "82"]
[EventDate "2021.08.22"]
[EventType "swiss"]
[EventRounds "9"]
[EventCountry "GER"]
[SourceTitle "EXT 2022"]
[Source "ChessBase"]
[SourceDate "2021.10.06"]
[SourceVersion "1"]
[SourceVersionDate "2021.10.06"]
[SourceQuality "1"]

1. d4 Nf6 2. c4 g6 3. g3 Bg7 4. Bg2 0-0 5. Nc3 d6 6. Nf3 c6 7. 0-0 Bf5 8. Re1 Ne4 9. Qb3 Qc8 10. Be3 Na6 11. Nh4 Nxc3 12. bxc3 Be6 13. d5 Bd7 14. Rec1 b6 15. Rab1 Rb8 16. Qd1 cxd5 17. cxd5 Nc5 18. Bd4 Bh6 19. e3 Bg4 20. Qd2 Bh3 21. c4 Qd7 22. Bxh3 Qxh3 23. Ba1 Bg7 24. Bxg7 Kxg7 25. Qd4+ Kg8 26. Nf3 Qf5 27. Kg2 Rfc8 28. Qh4 Qe4 29. Qxe4 Nxe4 30. Nd4 Rc5 31. Nc6 Rb7 32. Rc2 Rc7 33. f3 Nf6 34. e4 e5 35. Rb3 Nd7 36. Ra3 a5 37. Rb3 Rb7 38. Kf2 Nb8 39. Nxb8 Rxb8 40. Ke3 b5 41. Kd3 b4 1/2-1/2

[Event "GER-ch U14 Girls"]
[White "Ulrich, Helena Irene"]
[Black "Marrufo, Emilia"]
[Site "Willingen"]
[Round "1"]
[Result "1-0"]
[Date "2021.08.23"]
[WhiteElo "1540"]
[BlackElo "1020"]
[PlyCount "119"]
[EventDate "2021.08.22"]
[EventType "swiss"]
[EventRounds "9"]
[EventCountry "GER"]
[SourceTitle "EXT 2022"]
[Source "ChessBase"]
[SourceDate "2021.10.06"]
[SourceVersion "1"]
[SourceVersionDate "2021.10.06"]
[SourceQuality "1"]

1. e4 e5 2. Nf3 Nc6 3. d4 exd4 4. Nxd4 Bc5 5. Be3 Qf6 6. c3 Nge7 7. Bc4 Ne5 8. Be2 Qg6 9. 0-0 d6 10. Nb5 0-0 11. Bxc5 dxc5 12. Nxc7 Rb8 13. f4 Bh3 14. Bf3 Nxf3+ 15. Qxf3 Bg4 16. Qe3 Qb6 17. Nd5 Nxd5 18. exd5 Qxb2 19. Nd2 Qb5 20. c4 Qa5 21. Nb3 Qb4 22. Qxc5 Qxc5+ 23. Nxc5 Rfe8 24. Rfe1 b6 25. Ne4 f5 26. Nd6 Red8 27. Re6 Bh5 28. Nxf5 Bg4 29. Ne7+ Kf7 30. Re5 Re8 31. Rae1 Rb7 32. Nc6 Bd7 33. Rxe8 Bxe8 34. Ne5+ Kf8 35. Kf2 Re7 36. Rd1 h6 37. d6 Rb7 38. d7 Bxd7 39. Rxd7 Rxd7 40. Nxd7+ Ke7 41. Ne5 Kd6 42. Ke3 Ke6 43. Ke4 Kd6 44. Kf5 Ke7 45. Kg6 Kf8 46. Nc6 a6 47. Nd4 Kg8 48. Ne6 Kh8 49. Nxg7 Kg8 50. f5 Kf8 51. f6 h5 52. f7 b5 53. cxb5 axb5 54. Ne6+ Ke7 55. f8Q+ Kd7 56. Kf5 Kc6 57. Qc5+ Kd7 58. Qc7+ Ke8 59. Kf6 b4 60. Qe7# 1-0

[Event "EU Union-ch U14 18th"]
[White "Kozlovic, Jernej"]
[Black "Ulrich, Helena Irene"]
[Site "Mureck"]
[Round "3"]
[Result "1/2-1/2"]
[Date "2021.08.06"]
[WhiteElo "1931"]
[BlackElo "1540"]
[PlyCount "110"]
[EventDate "2021.08.04"]
[EventType "swiss"]
[EventRounds "9"]
[EventCountry "AUT"]
[SourceTitle "EXT 2022"]
[Source "ChessBase"]
[SourceDate "2021.10.06"]
[SourceVersion "1"]
[SourceVersionDate "2021.10.06"]
[SourceQuality "1"]

1. d4 Nf6 2. Nf3 g6 3. Bf4 d6 4. h3 Bg7 5. e3 0-0 6. Be2 b6 7. 0-0 Bb7 8. c4 Nbd7 9. Nc3 Re8 10. Bh2 e5 11. Rc1 exd4 12. exd4 Ne4 13. Nxe4 Bxe4 14. Qd2 Bb7 15. Rfe1 Nf6 16. d5 Ne4 17. Qc2 a5 18. Bf1 Nc5 19. b3 Qf6 20. Nd2 Qb2 21. Qxb2 Bxb2 22. Rcd1 Bf6 23. Bf4 Rad8 24. Nf3 Bc3 25. Re3 Rxe3 26. Bxe3 Re8 27. Nd4 Bxd4 28. Rxd4 Bc8 29. Bd3 Nxd3 30. Rxd3 Bf5 31. Rd2 h5 32. a3 Re4 33. a4 Re8 34. Kf1 Be4 35. f3 Bxf3 36. Kf2 Bxg2 37. h4 Be4 38. Bd4 Bf5 39. Bf6 Bg4 40. Rd3 Re4 41. Bd8 Bf5 42. Re3 Rxe3 43. Kxe3 Bc2 44. Bxc7 Bxb3 45. Bxb6 Bxc4 46. Bxa5 Bxd5 47. Bc7 Bc6 48. Bxd6 Bxa4 49. Be5 f5 50. Kf4 Kf7 51. Kg5 Be8 52. Bf4 Ke6 53. Bb8 Kf7 54. Be5 Ke6 55. Bb8 Kf7 1/2-1/2